000 01400 a2200301 4500
003 Nust
005 20170207153914.0
010 _a 99026345
020 _a1558605703
040 _cNust
082 0 0 _a651.50285
100 1 _aWitten, I. H.
245 1 0 _aManaging gigabytes :
_bcompressing and indexing documents and images /
_cIan H. Witten, Alistair Moffat, Timothy C. Bell.
250 _a2nd ed.
260 _aSan Francisco, Calif. :
_bMorgan Kaufmann Publishers,
_c1999.
300 _axxxi, 519 p. :
_bill. ;
_c24 cm.
440 4 _aThe Morgan Kaufmann series in multimedia information and systems
505 _a Overview (Page-1), Text Compression (Page-21), Indexing (Page-103), Querying (Page-153), Index Construction (Page-223), Image Compression (Page-263), Textual Images (Page-311), Mixed Text and Images (Page-355), Implementation (Page-389), The Information Explosion (Page-431),
538 _aAlmirah No.46 Shelf No.5
650 0 _aData compression (Telecommunication)
650 0 _aDocument imaging systems.
650 0 _aTelecommunication engineering
650 0 _aText processing (Computer science)
700 1 _aBell, Timothy C.
700 1 _aMoffat, Alistair.
856 4 1 _3Publisher description
_uhttp://www.loc.gov/catdir/description/els033/99026345.html
856 4 1 _3Table of contents
_uhttp://www.loc.gov/catdir/toc/els033/99026345.html
942 _cREF
999 _c190337
_d190337